|
|
|
|
| LEADER |
00000nam a2200000 a 4500 |
| 001 |
vtls001384694 |
| 003 |
SK-MaSNL |
| 005 |
20260301115641.0 |
| 008 |
251031s1999 xo 0 cze |
| 015 |
|
|
|a SNBJ2000/01-00099
|
| 035 |
|
|
|a SNK000338807
|
| 040 |
|
|
|a SNK
|b slo
|c SNK
|e AACR2
|
| 041 |
0 |
|
|a cze
|
| 044 |
|
|
|a xo
|c SK
|
| 080 |
|
|
|a 791.43(73)(086.8)
|2 1981
|
| 240 |
1 |
0 |
|a The Stray
|l Česky
|
| 245 |
1 |
|
|a Nezvaný host
|h videozáznam
|b přišel se pomstít za svůj život
|c réžia Kevin Mock
|
| 260 |
|
|
|a Bratislava
|b Intersonic
|c 1999
|
| 300 |
|
|
|a 1 videokazeta (90 min.)
|b stereo, fareb., VHS systém PAL
|c 10x19 cm
|
| 511 |
|
|
|a Hrajú: Michael Madsen, Angie Everhartová, Stefan Lysenko
|
| 521 |
|
|
|a Mládeži do 18 r. nevhodné
|
| 650 |
0 |
7 |
|a filmy akčné
|x videokazety
|2 SNK
|9 283651
|
| 655 |
|
7 |
|a videokazety
|2 SNK
|9 70726
|
| 700 |
1 |
|
|a Mock, Kevin
|4 aud
|9 461009
|
| 700 |
1 |
|
|a Madsen, Michael
|4 uci
|9 40520
|
| 700 |
1 |
|
|a Everhartová, Angie
|4 uci
|9 43620
|
| 700 |
1 |
|
|a Lysenko, Stefan
|4 uci
|9 461010
|
| 730 |
|
|
|t The Stray
|9 461011
|
| 999 |
|
|
|c 723005
|d 724935
|
| 952 |
|
|
|t P60, <03>, [BOOK], {603}
|a SNK
|b SNK
|y PREZ
|7 0
|p 17A0230777
|o snkSVC 1226
|i snkJK 43/2000
|0 0
|1 0
|4 0
|d 2000-03-09
|l 0
|r 2005-01-02 00:00:00
|w 2026-02-23
|